[Event "Belgrade Trophy 29th"]
[Site "Belgrade"]
[Date "2015.11.28"]
[Round "5"]
[White "Devetak, Damir"]
[Black "Kostic, Branimir"]
[Result "0-1"]
[WhiteElo "1940"]
[BlackElo "2186"]
[PlyCount "84"]
[EventDate "2015.11.24"]
[EventType "swiss"]
[EventRounds "9"]
[EventCountry "SRB"]
[SourceTitle "CBM 170 Extra"]
[Source "ChessBase"]
[SourceDate "2016.02.25"]
[SourceVersion "1"]
[SourceVersionDate "2016.02.25"]
[SourceQuality "1"]

1. b3 d5 2. Bb2 e6 3. e3 Nf6 4. f4 Bd6 5. Nf3 0-0 6. Bd3 Nbd7 7. 0-0 Qe7 8. Ne5 Ne4 9. c4 c6 10. Qc2 f5 11. Be2 a5 12. d3 Nef6 13. Nd2 Nc5 14. Rac1 Bd7 15. Rf3 Be8 16. Rg3 Ncd7 17. Ndf3 Ba3 18. Bxa3 Qxa3 19. c5 Bh5 20. Nxd7 Nxd7 21. Qc3 Nf6 22. Rc2 Bxf3 23. gxf3 a4 24. Bf1 axb3 25. axb3 Qa1 26. Qb4 Rf7 27. Rcg2 g6 28. Rg5 d4 29. e4 Qc3 30. Qxc3 dxc3 31. Rc2 Nh5 32. Rxc3 Nxf4 33. Kf2 Ra1 34. Rg1 Rd7 35. Ke3 e5 36. exf5 Nd5+ 37. Kd2 Nxc3 38. Kxc3 Rd5 39. b4 Kg7 40. fxg6 hxg6 41. h4 Kf6 42. Rh1 Rd4 0-1

[Event "Belgrade Trophy 28th"]
[Site "Belgrade"]
[Date "2014.11.26"]
[Round "3"]
[White "Devetak, Damir"]
[Black "Codenotti, Marco"]
[Result "0-1"]
[WhiteElo "1912"]
[BlackElo "2345"]
[PlyCount "60"]
[EventDate "2014.11.24"]
[EventType "swiss"]
[EventRounds "9"]
[EventCountry "SRB"]
[SourceTitle "CBM 163 Extra"]
[Source "ChessBase"]
[SourceDate "2014.12.23"]
[SourceVersion "1"]
[SourceVersionDate "2014.12.23"]
[SourceQuality "1"]

1. b3 d5 2. Bb2 Bg4 3. h3 Bh5 4. Nf3 Bxf3 5. exf3 e6 6. f4 Nf6 7. Qf3 g6 8. g4 Bg7 9. h4 Nbd7 10. Bh3 a5 11. g5 Nh5 12. Nc3 a4 13. Ba3 axb3 14. axb3 b5 15. 0-0 Rxa3 16. Rxa3 b4 17. Ra7 bxc3 18. dxc3 0-0 19. Bg4 Nc5 20. Bxh5 gxh5 21. f5 exf5 22. Rd1 c6 23. c4 Qb6 24. Re7 dxc4 25. bxc4 Qb4 26. Qxf5 Qxc4 27. Rde1 Ne6 28. Qe4 Qxe4 29. Rxe4 Rd8 30. f4 Bf8 0-1

[Event "Geneve op-A"]
[Site "Geneve"]
[Date "2013.06.30"]
[Round "9"]
[White "Devetak, Damir"]
[Black "Mamedjarova, Turkan"]
[Result "0-1"]
[WhiteElo "1895"]
[BlackElo "2249"]
[PlyCount "62"]
[EventDate "2013.06.24"]
[EventType "swiss"]
[EventRounds "9"]
[EventCountry "SUI"]
[SourceTitle "CBM 155 Extra"]
[Source "ChessBase"]
[SourceDate "2013.08.26"]
[SourceVersion "1"]
[SourceVersionDate "2013.08.26"]
[SourceQuality "1"]

1. e4 e5 2. Nf3 Nc6 3. d4 exd4 4. Nxd4 Bc5 5. Be3 Qf6 6. c3 d6 7. Bc4 Ne5 8. Be2 Ne7 9. f4 Ng4 10. Bxg4 Qh4+ 11. Bf2 Qxg4 12. Qxg4 Bxg4 13. Nb5 0-0-0 14. b4 Bd7 15. a4 Bxf2+ 16. Kxf2 a6 17. Nd4 Ng6 18. g3 c5 19. Nf3 f6 20. h4 h5 21. a5 Bc6 22. Nbd2 d5 23. exd5 Rxd5 24. Rhe1 Rhd8 25. Nc4 Rd3 26. Re3 Ne7 27. Nb6+ Kb8 28. Rae1 Nf5 29. Rxd3 Rxd3 30. Ng1 Rxg3 31. Ne2 Rg2+ 0-1

[Event "Belgrade Spring op"]
[Site "Belgrade"]
[Date "2013.03.20"]
[Round "1"]
[White "Devetak, Damir"]
[Black "Radlovacki, Jovan"]
[Result "0-1"]
[WhiteElo "1879"]
[BlackElo "2425"]
[PlyCount "62"]
[EventDate "2013.03.20"]
[EventType "swiss"]
[EventRounds "9"]
[EventCountry "SRB"]
[SourceTitle "CBM 153 Extra"]
[Source "ChessBase"]
[SourceDate "2013.04.22"]
[SourceVersion "1"]
[SourceVersionDate "2013.04.22"]
[SourceQuality "1"]

1. e4 c6 2. d4 d5 3. e5 Bf5 4. g4 Be4 5. Nf3 e6 6. Nbd2 Bg6 7. Nb3 Nd7 8. Be3 f6 9. exf6 Ngxf6 10. Ng5 Bd6 11. f4 Ne4 12. h4 Qf6 13. Qf3 h6 14. Nh3 Qxh4+ 15. Nf2 Qf6 16. Nd3 0-0-0 17. 0-0-0 Kb8 18. Bg2 Rhf8 19. Rdf1 Qe7 20. Qh3 Nb6 21. Ne5 Bh7 22. Nd2 Nxd2 23. Bxd2 Rc8 24. Rf3 c5 25. dxc5 Bxe5 26. fxe5 Rxf3 27. Qxf3 Qxc5 28. c3 Qa5 29. a3 Nc4 30. g5 Qb5 31. b4 Qa4 0-1